Fundamentals of geology : (Record no. 10867)
[ view plain ]
| 000 -LEADER | |
|---|---|
| fixed length control field | 00814nam a22002531 4500 |
| 001 - CONTROL NUMBER | |
| control field | 10867 |
| 003 - CONTROL NUMBER IDENTIFIER | |
| rucl marc code | BD-RjUL |
| 005 - DATE AND TIME OF LATEST TRANSACTION | |
| control field | 20211208235030.0 |
| 008 - FIXED-LENGTH DATA ELEMENTS--GENERAL INFORMATION | |
| fixed length control field | 140125s1966 nyuob 001 0 eng |
| 035 ## - SYSTEM CONTROL NUMBER | |
| System control number | (BD-RjUL)10916 |
| 040 ## - CATALOGING SOURCE | |
| Original cataloging agency | DLC/ICU |
| Transcribing agency | ICU |
| Modifying agency | BD-RjUL |
| Language of cataloging | eng |
| 041 ## - LANGUAGE CODE | |
| Language code of text/sound track or separate title | eng |
| 082 00 - DEWEY DECIMAL CLASSIFICATION NUMBER | |
| Classification number | 551 |
| Author mark and year | ROF 1966 |
| 100 1# - MAIN ENTRY--PERSONAL NAME | |
| Personal name | Rogers, John J. W. |
| Fuller form of name | (John James William), |
| Dates associated with a name | 1930- |
| 9 (RLIN) | 33599 |
| 245 10 - TITLE STATEMENT | |
| Title | Fundamentals of geology : |
| Remainder of title | a text in physical geology / |
| Statement of responsibility, etc. | John J.W. Rogers and John A.S. Adams. |
| 260 ## - PUBLICATION, DISTRIBUTION, ETC. (IMPRINT) | |
| Place of publication, distribution, etc. | New York : |
| Name of publisher, distributor, etc. | Harper & Row, |
| Date of publication, distribution, etc. | c1966. |
| 300 ## - PHYSICAL DESCRIPTION | |
| Pagination | xix, 424 p. : |
| Illustrations | ill. ; |
| Size | 23 cm. |
| 504 ## - BIBLIOGRAPHY, ETC. NOTE | |
| Bibliography, etc | Includes index. |
| 650 #0 - SUBJECT ADDED ENTRY--TOPICAL TERM | |
| Topical term or geographic name as entry element | Geology. |
| 9 (RLIN) | 33600 |
| 700 1# - ADDED ENTRY--PERSONAL NAME | |
| Personal name | Adams, John A. S. |
| Fuller form of name | (John Allan Stewart), |
| Dates associated with a name | 1926- |
| 942 ## - ADDED ENTRY ELEMENTS (KOHA) | |
| Source of classification or shelving scheme | Dewey Decimal Classification |
| Koha item type | Books |
| Lost status | Source of classification or shelving scheme | Damaged status | Not for loan | Collection code | Permanent Location | Current Location | Shelving location | Date acquired | Source of acquisition | Cost, normal purchase price | Total Checkouts | Full call number | Date last seen | Copy number | Koha item type |
|---|---|---|---|---|---|---|---|---|---|---|---|---|---|---|---|
| Dewey Decimal Classification | Non-fiction | Central Library, University of Rajshahi | Central Library, University of Rajshahi | 28/04/1973 | Dacca Ideal Lib. | 36.00 | 551 ROF 1966 | 25/01/2014 | C-3 | Books | |||||
| Dewey Decimal Classification | Non-fiction | Central Library, University of Rajshahi | Central Library, University of Rajshahi | 28/04/1973 | Dacca Ideal Lib. | 36.00 | 551 ROF 1966 | 16/05/2017 | C-2 | Books | |||||
| Dewey Decimal Classification | Not For Loan | Non-fiction | Central Library, University of Rajshahi | Central Library, University of Rajshahi | Reading Room | 20/01/2019 | dhaka ideal | 36.00 | 551 ROF 1966 | 20/01/2019 | C-1 | Books |